000 01180cam a22002894a 4500
001 16126707
003 OSt
005 20250627111648.0
008 100309s2010 mou b 000 0 eng
010 _a 2010008559
020 _a9780827210479
040 _aDLC
_cDLC
_dDLC
050 0 0 _aPS3613.E979
_bZ66 2010
082 0 0 _a813/.6
_222
100 1 _aGravett, Sandra L.
245 1 0 _aFrom Twilight to Breaking dawn :
_breligious themes in the Twilight saga /
_cSandie L. Gravett.
260 _aSaint Louis, Mo. :
_bChalice Press,
_cc2010.
300 _avii, 118 p. ;
_c22 cm.
504 _aIncludes bibliographical references (p. 103-118).
505 0 _aPreface -- Edward -- Bella -- Carslile -- Determinism and moral choice -- Renesmee -- Revelation, the final apocalypse and the coming of the kingdom -- Final thoughts.
600 1 0 _aMeyer, Stephenie,
_d1973-
_tTwilight saga series.
600 1 0 _aMeyer, Stephenie,
_d1973-
_xReligion.
650 0 _aChristianity in literature.
906 _a7
_bcbc
_corignew
_d1
_eecip
_f20
_gy-gencatlg
942 _2ddc
_cBK
999 _c4101
_d4101